Leverage ratio and its impact on the resilience of the banking sector and efficiency of macroprudential policy

Nové vymedzenie a rozšírenie kapitálových požiadaviek a navrhnutie pákového efektu, ktorý vymedzuje minimálnu úroveň kapitálu pre banky. Preskúmanie vzťahu medzi kapitálom a pomerom pákového efektu a diskusia o možnostiach a účinkoch zavedenia pomeru makroprudenciálneho pákového efektu. Pravidlá Bas...

ver descrição completa

Na minha lista:
Detalhes bibliográficos
Autor principal: Pfeifer, Lukáš
Outros Autores: Holub, Libor, Pikhart, Zdeněk, Hodula, Martin
Formato: Capítulo de Livro
Idioma:inglês
Assuntos:
Tags: Adicionar Tag
Sem tags, seja o primeiro a adicionar uma tag!

MARC

LEADER 00000nla a2200000 4500
001 0237321
005 20241113102854.6
041 0 |a eng 
044 |a CZ 
245 1 0 |a Leverage ratio and its impact on the resilience of the banking sector and efficiency of macroprudential policy  |c Lukáš Pfeifer, Libor Holub, Zdeněk Pikhart, Martin Hodula 
520 |a Nové vymedzenie a rozšírenie kapitálových požiadaviek a navrhnutie pákového efektu, ktorý vymedzuje minimálnu úroveň kapitálu pre banky. Preskúmanie vzťahu medzi kapitálom a pomerom pákového efektu a diskusia o možnostiach a účinkoch zavedenia pomeru makroprudenciálneho pákového efektu. Pravidlá Basel III. 
610 2 0 |a bankovníctvo 
610 2 0 |a politika makroprudenciálna 
610 2 0 |a regulácia finančná 
610 2 0 |a stabilita finančná 
610 2 0 |a kapitál bankový 
100 1 |a Pfeifer, Lukáš 
700 1 |a Holub, Libor 
700 1 |a Pikhart, Zdeněk 
700 1 |a Hodula, Martin